Générique Candy - Paroles - Statistiques

Statistiques générales
  • Ce quiz a été pris 119 fois
  • Le résultat moyen est 14 sur 17
Statistiques - réponses
Paroles % Correct
Au pays de {Candy}
100%
Comme dans tous les {pays}
99%
Il y a des méchants et des {gentils}
99%
On s'amuse, on pleure, on {rit}
98%
C'est la vie de {Candy}
96%
Et pour sortir des moments {difficiles}
89%
Avoir des amis c'est très {utile}
86%
Tous les soirs en s'{endormant}
86%
Un peu d'astuce, d'{espièglerie}
82%
C'est Candy, {Candy}
77%
Que le petit princes des {collines}
76%
Mais elle rêve et elle {imagine}
73%
Pour chasser sa {tristesse}
72%
Vient lui parler {doucement}
72%
Elle cherche la {tendresse}
68%
Toujours {jolie}
54%
Câline et {taquine}
31%
Aucun quiz correspondant
Distribution des résultats
% des personnes avec chaque résultat
Percentile par nombre de réponses
Votre historique - résultats
Vous n’avez pas pris ce quiz